Les naufrages aériens

Đã lưu trong:
Chi tiết về thư mục
Tác giả chính: Laporte, Albert (autor)
Định dạng: Sách
Ngôn ngữ:Tiếng Pháp
Được phát hành: París, Francia Théodore Lefèvre et Cie 1886
Những chủ đề:
Các nhãn: Thêm thẻ
Không có thẻ, Là người đầu tiên thẻ bản ghi này!

MARC

LEADER 00000nam a2200000 a 4500
001 UCG1541
003 CL-VaPUC
005 20210427114832.0
008 100506e18860000FR |||||||||||||||||fre|d
999 |c 340890  |d 340888 
040 |c Pontificia Universidad Católica de Valparaíso 
082 0 4 |a 363.12492 LAP 1886  |2 21 
100 0 |a Laporte, Albert  |e autor  |9 549523 
245 1 4 |a Les naufrages aériens 
260 0 3 |a París, Francia  |b Théodore Lefèvre et Cie  |c 1886 
300 |a 266 páginas 
583 |a last modification  |c 20150121 11:44:55  |k Rodrigo Vera 
650 0 |a Accidentes aéreos  |9 510102 
650 7 |a GLOBOS  |2 CL-VaPUC  |9 549524 
942 |c BK  |2 ddc 
945 |d 20100506 00:00:00  |a dcastane 
952 |0 0  |1 0  |2 ddc  |4 0  |6 363_124920000000000_LAP_1886  |7 0  |8 X  |9 436029  |a FDOBUD  |b FDOBUD  |d 2019-11-22  |i 4634993  |o 363.12492 LAP 1886  |p 4634993  |r 2019-11-22  |t 1  |w 2019-11-22  |y BK_X  |k BUD